000 00341nam a22001457a 4500
003 OSt
005 20160727222523.0
008 160709b xxu||||| |||| 00| 0 eng d
040 _cTEST
100 _92498
_a Rao, C
245 _aCamp Adventure
260 _aN.D
_b Children Books Trust
_c2004
300 _aCamp Adventure
942 _2ddc
_cBK
999 _c2165
_d2165